| 000 | 00478nam a22001817a 4500 | ||
|---|---|---|---|
| 003 | NUST - PNEC | ||
| 005 | 20170116181005.0 | ||
| 008 | 150908b xxu||||| |||| 00| 0 eng d | ||
| 020 | _a0070038996 | ||
| 040 | _cLIBRARY | ||
| 082 | _a004 BAR | ||
| 100 |
_911766 _aBartee, Thomas C. |
||
| 245 |
_aDigital computer fundamentals _cThomas C. Bartee |
||
| 250 | _a6th ed. | ||
| 260 | _cc.1985 | ||
| 650 |
_916617 _aDigital Computer _xMIS _bMIS> Computer Science |
||
| 942 |
_2ddc _cBK |
||
| 999 |
_c66859 _d66859 |
||